000 02500ncs2a2200313 i 4500
001 RU\NLR\ONIZ\298075
005 20240729195411.0
035 _a(NLR Aleph) 022092313
090 _a12720536
_c12720536
100 _a20230511c1797 |||y0rusy50 ca
101 0 _aita
102 _aRU
110 _aayuzz 0|y|
125 _ac|
145 0 _ac
200 1 _a[Т. 4]
203 _aМузыка
_bзнаковая
_bвизуальная
_cнепосредственная
207 0 _a№ 37-48
210 _d[1797]
215 _d23х31 см
225 1 _aGiornale musicale del Teatro italiano di St. Pietroburgo, o scelta d'arie, duetti, terzetti, overturi, etc. delle opere buffe, rappresentate sul Teatro imperiale de St. Pietroburgo, dati in luce ed acomodati per essere accompagnati d'un cembalo solo da Bernardo Theodoro Breitkopf, dilettante
313 _aСистематизация документа проведена по изданию - Методика классифицирования музыкальных произведений (нотных изданий) по таблицам Библиотечно-библиографических классификаций : метод. рекомендации / Гос. б-ка СССР им. В.И. Ленина.- М., 1977. Индексу ББК методических рекомендаций присваивается код ББК для научных библиотек - LBC/SL
461 0 _1001RU\NLR\ONIZ\303181
_12001#$aGiornale musicale del Teatro italiano di St. Pietroburgo, o scelta d'arie, duetti, terzetti, overturi, etc. delle opere buffe, rappresentate sul Teatro imperiale de St. Pietroburgo, dati in luce ed acomodati per essere accompagnati d'un cembalo solo da Bernardo Theodoro Breitkopf, dilettante$bНоты$e[per canto con accompagnato di cembalo, per cembalo solo]$v
_912720462
_cSt. Pietroburgo
_d1795-1798
_nnella Libreria di Ch. Lisner e dall'editore [B. Th. Breitkopf]
_o[per canto con accompagnato di cembalo, per cembalo solo]
_tGiornale musicale del Teatro italiano di St. Pietroburgo, o scelta d'arie, duetti, terzetti, overturi, etc. delle opere buffe, rappresentate sul Teatro imperiale de St. Pietroburgo, dati in luce ed acomodati per essere accompagnati d'un cembalo solo da Bernardo Theodoro Breitkopf, dilettante: Ноты
801 0 _aRU
_bNLR
_c20230511
_gPSBO
801 1 _aRU
_bNLR
_c20230511
_2rusmarc
801 2 _aRU
_bNLR
_c20231130
942 _cJOURNAL
980 _aONIZ